Unix shell programming (Record no. 1052)

MARC details
000 -LEADER
fixed length control field 00440 a2200169 4500
001 - CONTROL NUMBER
control field 067068
003 - CONTROL NUMBER IDENTIFIER
control field OSt
005 - DATE AND TIME OF LATEST TRANSACTION
control field 20211026165711.0
008 - FIXED-LENGTH DATA ELEMENTS--GENERAL INFORMATION
fixed length control field
082 ## - DEWEY DECIMAL CLASSIFICATION NUMBER
Classification number 005.43
Item number K13U
100 1# - MAIN ENTRY--PERSONAL NAME
Personal name Kanetkar, Yashwant
245 1# - TITLE STATEMENT
Title Unix shell programming
Statement of responsibility, etc by Yashwant Kanetkar
260 ## - PUBLICATION, DISTRIBUTION, ETC. (IMPRINT)
Place of publication, distribution, etc New Delhi
Name of publisher, distributor, etc BPB Publictions
Date of publication, distribution, etc 2010
300 ## - PHYSICAL DESCRIPTION
Extent 486p.
690 ## - LOCAL SUBJECT ADDED ENTRY--TOPICAL TERM (OCLC, RLIN)
Topical term or geographic name as entry element UNIX (Computer file); UNIX Shells
942 ## - ADDED ENTRY ELEMENTS (KOHA)
Source of classification or shelving scheme Dewey Decimal Classification
Koha item type Books
Holdings
Withdrawn status Lost status Source of classification or shelving scheme Damaged status Not for loan Collection code Home library Current library Date acquired Source of acquisition Cost, normal purchase price Total Checkouts Full call number Barcode Date last seen Date checked out Price effective from Koha item type
    Dewey Decimal Classification     General Text Book Central University Of Rajasthan Central University Of Rajasthan 07/03/2012 CSC 225.00 2 005.43 K13U 1354 17/04/2023 11/04/2023 02/09/2020 Books